| 000 | 00809nam a2200241 a 4500 | ||
|---|---|---|---|
| 001 | BRCA_7637 | ||
| 005 | 20190320205925.0 | ||
| 008 | 090713s1956----mx-#######---#000-0#spa-# | ||
| 041 | _aspa | ||
| 044 | _amx | ||
| 050 | 4 |
_aHC133 _b.M36 1956 |
|
| 100 | 1 |
_aMancera Ortiz, Rafael _914698 |
|
| 245 | 1 | 0 |
_aEl presupuesto fiscal y la economía nacional _cpor Rafael Mancera Ortiz. |
| 260 |
_aMéxico _bSHCP _c1956 |
||
| 300 |
_a25 p. _bil., tablas _c23cm. |
||
| 500 | _aConferencia sustentada ante el Instituto Mexicano de Contadores Públicos y el Colegio de Contadores de la ciudad de México el 19 de julio de 1956 | ||
| 500 | _aT56 | ||
| 650 | 1 | 4 |
_aPresupuesto _zMéxico _914794 |
| 650 | 1 | 4 |
_aImpuestos _zMéxico _911437 |
| 651 | 4 |
_aMéxico _xCondiciones económicas _92842 |
|
| 902 | _aGFM | ||
| 942 |
_2lcc _cB |
||
| 999 |
_c7311 _d7311 |
||